000 01261namaa22003011i 4500
005 20260405092951.0
008 260405s1995 u a|||fr|m|| 000 0 eng d
040 _aEG-GICUC
_beng
_cEG-GICUC
_dEG-GICUC
_erda
041 0 _aeng
_beng
_bara
049 _aDeposit
097 _aM.Sc
099 _aCai01.07.13.M.Sc.1995.Ma.S
100 0 _aMagdy Abd El-Fattah Ibrahim ,
_epreparation.
245 1 0 _aStudies on growth and productivity of some mandarin and tangerine varieties /
_cBy Magdy Abd El-Fattah Ibrahim ; Supervised .Prof.Dr. El-Sayed Ibarhim ,
246 1 5 _aدراسات على نمو انتاجية بعض اصناف اليوسفى والتنجارين
264 0 _c1995
300 _a93 Leaves :
_billustrations ;
_c30 cm. +
336 _2rda content
_atext
337 _2rdamedia
_aUnmediated
338 _2rdacarrier
_avolume
502 _a Thesis (M.Sc.) (-Cairo University 1995
504 _aBibliography: pages 82 : 93
653 0 _aStudies on growth and productivity of some mandarin and tangerine varieties
700 0 _aEl-Sayed Ibarhim
_ethesis advisor.
900 _D Department of Pomology
_F Faculty of Agriculture
_U Cairo University
_b1995
_cEl-Sayed Ibarhim
_dEl-Sayed Ibarhim
905 _aNagat
942 _2ddc
_cTH
_e21
_n0
999 _c179172